QCM Questions insolites - culture générale - Statistiques

Statistiques générales
  • Ce quiz a été pris 159 fois
  • Le résultat moyen est 8 sur 25
Statistiques - réponses
Question Réponse % Correct
Quelle était la matière des touches de piano ou de clavecin blanches jusque dans les années 1970 ? de l'ivoire
68%
Quelle était la matière des touches de piano ou de clavecin noires jusqu'au années 1920 ? de l'ébène
53%
Quel est le seul pays du monde sans moustiques ? l'Islande
47%
De quelle couleur sont la plupart des sièges des avions de ligne ? Bleu
42%
Pourquoi colle-t-on les timbres en haut et à droite des enveloppes ? Pour faciliter le travail des postiers qui tamponnaient les timbres
42%
Quelle est la ville de France la plus pluvieuse ? Biarritz
39%
En France, sur 100 centenaires combien sont des femmes ? 85
37%
Le roi d'Angleterre et l'empereur du Japon ont en commun de ne pas possèder de passeport
35%
Quelle lettre, parmi ces 4, peut figurer sur une plaque d'immatriculation ? Q
35%
Quel objet est le plus volé dans les hôtels, parmi ceux-ci ? Les serviettes
33%
Quel est le plus long vol (en temps) sans escale en avion ? New York / Singapour
30%
Pour 100 grammes, quelle graisse est la moins calorique ? Crème fraiche
28%
D'où les autoroutes françaises tiennent-elles leur numéro ? des numéros des Nationales qu'elles doublent
28%
Si la reine est la pièce la plus puissante aux échecs c'est à cause de la reine Isabelle la Catholique
26%
Dans quel pays se trouve la route la plus dangereuse du monde ? Bolivie
25%
Pourquoi les sapins ne perdent pas leurs aiguilles en extérieur mais les perdent en intérieur ? la cire qui recouvre les aiguilles tombe et elles se déssèchent
25%
Dans quel pays se trouvent les plus gros consommateurs de bière ? En litres par habitant Tchéquie
25%
Que désigne le mot Chindogu en Japonais Un objet innovant mais inutile
25%
Parmi ceux-ci, quel nom de pays est masculin ? Angola
23%
Quel est le passeport le plus rare du monde ? celui de l'Ordre de Malte
23%
Parmi ces aliments, à poids égal quel est le plus calorique ? Crèpe Nutella
21%
Pourquoi le fond des bouteilles de champagne est-il creux ? Pour qu'elles soient stables debout
21%
Parmi celles-ci, quelle race de chien ne peut voyager en avion sur la majorité des compagnies ? Bouledogue
12%
Dans quel pays se trouve le vol commercial le plus court (en temps) ? Royaume-Uni
12%
Dans quel pays peut-on suivre les cours de l'Ecole des Père Noël ? Royaume-Uni
5%
Aucun quiz correspondant
Distribution des résultats
% des personnes avec chaque résultat
Percentile par nombre de réponses
Votre historique - résultats
Vous n’avez pas pris ce quiz